Principles of electromechanical-energy conversion (Record no. 23169)

000 -LEADER
fixed length control field 00596nam a22002051 4500
001 - CONTROL NUMBER
control field 23169
003 - CONTROL NUMBER IDENTIFIER
control field BD-DhUET
008 - FIXED-LENGTH DATA ELEMENTS--GENERAL INFORMATION
fixed length control field 730301s1966 xx 000 0 eng
040 ## - CATALOGING SOURCE
Original cataloging agency DLC
Transcribing agency DLC
Modifying agency BD-DhUET
082 ## - DEWEY DECIMAL CLASSIFICATION NUMBER
Classification number 623.13
Item number MEI/1966
100 ## - MAIN ENTRY--PERSONAL NAME
Personal name Meisel, Jerome
245 10 - TITLE STATEMENT
Title Principles of electromechanical-energy conversion
250 ## - EDITION STATEMENT
Edition statement 1st ed.
260 ## - PUBLICATION, DISTRIBUTION, ETC. (IMPRINT)
Place of publication, distribution, etc. New York
Name of publisher, distributor, etc. McGraw-Hill
Date of publication, distribution, etc. 1966
300 ## - PHYSICAL DESCRIPTION
Extent xvii, 639p.
Other physical details ill.
490 ## - SERIES STATEMENT
Series statement McGraw-Hill electrical and electronic engineering series
504 ## - BIBLIOGRAPHY, ETC. NOTE
Bibliography, etc Includes bibliographies
650 #0 - SUBJECT ADDED ENTRY--TOPICAL TERM
Topical term or geographic name as entry element Mechinery: Electrical engineering
942 ## - ADDED ENTRY ELEMENTS (KOHA)
Koha item type General Book
Holdings
Not for loan Shelving location Location (home branch) Koha full call number Source of classification or shelving scheme Price effective from Koha normalized classification for sorting Withdrawn status Sublocation or collection (holding branch) Koha item type Date acquired Lost status Piece designation (barcode) Copy number Damaged status Koha date last seen
 Circulation sectionCentral Library, BUET623.13/MEI/1968 2015-05-03623_130000000000000_MEI_1968 Central Library, BUETGeneral Book2015-05-03 118781 2015-05-03
 Circulation sectionCentral Library, BUET623.13/MEI/1966 2015-05-03623_130000000000000_MEI_1966 Central Library, BUETGeneral Book2015-05-03 118772 2015-05-03
 Circulation sectionCentral Library, BUET623.13/MEI/1966 2015-05-03623_130000000000000_MEI_1966 Central Library, BUETGeneral Book2015-05-03 118753 2015-05-03
 Circulation sectionCentral Library, BUET623.13/MEI/1966 2015-05-03623_130000000000000_MEI_1966 Central Library, BUETGeneral Book2015-05-03 114384 2015-05-03
 Circulation sectionCentral Library, BUET623.13/MEI/1966 2015-05-03623_130000000000000_MEI_1966 Central Library, BUETGeneral Book2015-05-03 118765 2015-05-03
 Circulation sectionCentral Library, BUET623.13/MEI/1966 2015-05-03623_130000000000000_MEI_1966 Central Library, BUETGeneral Book2015-05-03 114376 2015-05-03
 Circulation sectionCentral Library, BUET623.13/MEI/1966 2015-05-03623_130000000000000_MEI_1966 Central Library, BUETGeneral Book2015-05-03 118797 2015-05-03
 Circulation sectionCentral Library, BUET623.13/MEI/1966 2015-05-03623_130000000000000_MEI_1966 Central Library, BUETGeneral Book2015-05-03 849298 2015-05-03
 Circulation sectionCentral Library, BUET623.13/MEI/1966 2015-05-07623_130000000000000_MEI_1966 Central Library, BUETGeneral Book2015-05-07 155399 2015-05-07
 Circulation sectionCentral Library, BUET623.13/MEI/1966 2015-07-12623_130000000000000_MEI_1966 Central Library, BUETGeneral Book2015-07-12 3925110 2015-07-12